[Event "Blitz 2018"]
[Site "Saint-Petersburg"]
[Date "2018.12.29"]
[Round "9"]
[Board "61"]
[White "Zablotsky Sergei (RUS)"]
[Black "Huzman Alexander (ISR)"]
[Result "1/2-1/2"]
[LiveChessVersion "1.4.8"]
[BlackElo "2543"]
[WhiteElo "2459"]

1. Nf3 {[%clk 0:03:02]} Nf6 {[%clk 0:03:03]} 2. g3 {[%clk 0:03:00]} g6
{[%clk 0:03:00]} 3. Bg2 {[%clk 0:03:01]} Bg7 {[%clk 0:03:01]} 4. O-O
{[%clk 0:02:58]} O-O {[%clk 0:03:02]} 5. c4 {[%clk 0:02:59]} c6 {[%clk 0:03:02]}
6. d4 {[%clk 0:02:58]} d5 {[%clk 0:03:03]} 7. cxd5 {[%clk 0:02:58]} cxd5
{[%clk 0:03:04]} 8. Ne5 {[%clk 0:02:58]} e6 {[%clk 0:03:05]} 9. Nc3
{[%clk 0:02:55]} Nfd7 {[%clk 0:03:06]} 10. f4 {[%clk 0:02:49]} Nc6
{[%clk 0:03:07]} 11. Be3 {[%clk 0:02:44]} f6 {[%clk 0:02:52]} 12. Nd3
{[%clk 0:02:40]} Nb6 {[%clk 0:02:50]} 13. Bf2 {[%clk 0:02:39]} f5
{[%clk 0:02:50]} 14. Ne5 {[%clk 0:02:37]} Bd7 {[%clk 0:02:46]} 15. e3
{[%clk 0:02:24]} Nc8 {[%clk 0:02:47]} 16. g4 {[%clk 0:02:21]} Nd6
{[%clk 0:02:45]} 17. Nxd7 {[%clk 0:01:44]} Qxd7 {[%clk 0:02:45]} 18. Bh4
{[%clk 0:01:44]} Rac8 {[%clk 0:02:41]} 19. Rc1 {[%clk 0:01:43]} fxg4
{[%clk 0:02:31]} 20. Qxg4 {[%clk 0:01:42]} Nf5 {[%clk 0:02:32]} 21. Bf2
{[%clk 0:01:38]} Kh8 {[%clk 0:02:30]} 22. Qe2 {[%clk 0:01:24]} a6
{[%clk 0:02:24]} 23. b3 {[%clk 0:01:13]} b5 {[%clk 0:02:24]} 24. Qd2
{[%clk 0:01:11]} Rc7 {[%clk 0:02:21]} 25. Rc2 {[%clk 0:01:02]} Rfc8
{[%clk 0:02:22]} 26. Rfc1 {[%clk 0:01:03]} Nb4 {[%clk 0:02:22]} 27. Rb2
{[%clk 0:01:00]} Bf8 {[%clk 0:02:17]} 28. Ne2 {[%clk 0:00:53]} Rxc1+
{[%clk 0:02:17]} 29. Nxc1 {[%clk 0:00:53]} Qc6 {[%clk 0:02:17]} 30. Ne2
{[%clk 0:00:51]} Qc7 {[%clk 0:02:09]} 31. Bf1 {[%clk 0:00:35]} Be7
{[%clk 0:02:09]} 32. Bh3 {[%clk 0:00:28]} Qd8 {[%clk 0:02:10]} 33. a3
{[%clk 0:00:24]} Nc6 {[%clk 0:02:10]} 34. b4 {[%clk 0:00:24]} Bh4
{[%clk 0:02:06]} 35. Bxh4 {[%clk 0:00:19]} Qxh4 {[%clk 0:02:07]} 36. Bxf5
{[%clk 0:00:18]} gxf5 {[%clk 0:01:58]} 37. Rc2 {[%clk 0:00:19]} Rg8+
{[%clk 0:01:57]} 38. Ng3 {[%clk 0:00:19]} Ne7 {[%clk 0:01:46]} 39. Rc7
{[%clk 0:00:20]} Ng6 {[%clk 0:01:47]} 40. Qf2 {[%clk 0:00:18]} Qg4
{[%clk 0:01:47]} 41. Kf1 {[%clk 0:00:17]} Qd1+ {[%clk 0:01:40]} 42. Qe1
{[%clk 0:00:18]} Qb3 {[%clk 0:01:38]} 43. Qe2 {[%clk 0:00:17]} Nh4
{[%clk 0:01:32]} 44. Qh5 {[%clk 0:00:14]} Qb1+ {[%clk 0:01:32]} 45. Ke2
{[%clk 0:00:13]} Qb2+ {[%clk 0:01:32]} 46. Kd1 {[%clk 0:00:14]} Qb1+
{[%clk 0:01:33]} 47. Kd2 {[%clk 0:00:15]} Qb2+ {[%clk 0:01:31]} 48. Kd1
{[%clk 0:00:15]} Qb1+ {[%clk 0:01:32]} 49. Kd2 {[%clk 0:00:16]} Qb2+
{[%clk 0:01:33]} 1/2-1/2

[Event "Blitz 2018"]
[Site "Saint-Petersburg"]
[Date "2018.12.29"]
[Round "9"]
[Board "62"]
[White "Tissir Mohamed (MAR)"]
[Black "Maslak Konstantin (RUS)"]
[Result "1-0"]
[LiveChessVersion "1.4.8"]
[BlackElo "2537"]
[WhiteElo "2381"]

1. e4 {[%clk 0:03:02]} e6 {[%clk 0:03:02]} 2. d4 {[%clk 0:03:03]} d5
{[%clk 0:03:03]} 3. Bd3 {[%clk 0:03:04]} c5 {[%clk 0:02:48]} 4. exd5
{[%clk 0:02:58]} Qxd5 {[%clk 0:02:39]} 5. Nf3 {[%clk 0:02:49]} cxd4
{[%clk 0:02:33]} 6. O-O {[%clk 0:02:49]} Nc6 {[%clk 0:02:30]} 7. Re1
{[%clk 0:02:50]} Nf6 {[%clk 0:02:19]} 8. a3 {[%clk 0:02:50]} a5 {[%clk 0:01:51]}
9. Nbd2 {[%clk 0:02:49]} Bc5 {[%clk 0:01:43]} 10. Ne4 {[%clk 0:01:49]} Nxe4
{[%clk 0:01:37]} 11. Bxe4 {[%clk 0:01:50]} Qd6 {[%clk 0:01:31]} 12. Qd3
{[%clk 0:01:48]} h6 {[%clk 0:01:21]} 13. g3 {[%clk 0:01:45]} O-O {[%clk 0:00:52]}
14. Bf4 {[%clk 0:01:45]} Qe7 {[%clk 0:00:32]} 15. Rad1 {[%clk 0:01:38]} Rd8
{[%clk 0:00:26]} 16. Qb5 {[%clk 0:01:33]} a4 {[%clk 0:00:13]} 17. Qf1
{[%clk 0:01:25]} Bd7 {[%clk 0:00:13]} 18. Bd3 {[%clk 0:01:25]} Be8
{[%clk 0:00:13]} 19. Qh3 {[%clk 0:01:26]} Qf6 {[%clk 0:00:11]} 20. Ne5
{[%clk 0:01:24]} Nxe5 {[%clk 0:00:07]} 21. Bxe5 {[%clk 0:01:25]} Qe7
{[%clk 0:00:09]} 22. Re4 {[%clk 0:01:16]} f5 {[%clk 0:00:08]} 23. Re2
{[%clk 0:01:16]} Bc6 {[%clk 0:00:07]} 24. Rde1 {[%clk 0:01:13]} Qf7
{[%clk 0:00:08]} 25. f4 {[%clk 0:01:05]} Re8 {[%clk 0:00:09]} 26. Kf2
{[%clk 0:01:03]} Rad8 {[%clk 0:00:09]} 27. Rg1 {[%clk 0:01:03]} Bd6
{[%clk 0:00:09]} 28. g4 {[%clk 0:01:03]} Bxe5 {[%clk 0:00:09]} 29. Rxe5
{[%clk 0:01:03]} fxg4 {[%clk 0:00:09]} 30. Rxg4 {[%clk 0:01:01]} Rf8
{[%clk 0:00:08]} 31. Qxh6 {[%clk 0:00:50]} Qf6 {[%clk 0:00:05]} 32. Qh7+
{[%clk 0:00:48]} Kf7 {[%clk 0:00:08]} 33. Reg5 {[%clk 0:00:30]} Rg8
{[%clk 0:00:07]} 34. Rg6 {[%clk 0:00:29]} 1-0

[Event "Blitz 2018"]
[Site "Saint-Petersburg"]
[Date "2018.12.29"]
[Round "9"]
[Board "63"]
[White "Mchedlishvili Mikheil (GEO)"]
[Black "Levin Evgeny A. (RUS)"]
[Result "1-0"]
[LiveChessVersion "1.4.8"]
[BlackElo "2539"]
[WhiteElo "2607"]

1. Nf3 {[%clk 0:03:02]} Nf6 {[%clk 0:03:03]} 2. c4 {[%clk 0:03:03]} b6
{[%clk 0:03:02]} 3. Nc3 {[%clk 0:02:59]} Bb7 {[%clk 0:03:03]} 4. d4
{[%clk 0:02:58]} e6 {[%clk 0:03:03]} 5. a3 {[%clk 0:02:58]} g6 {[%clk 0:03:02]}
6. Qc2 {[%clk 0:02:53]} Bg7 {[%clk 0:02:50]} 7. e4 {[%clk 0:02:53]} d6
{[%clk 0:02:43]} 8. Bg5 {[%clk 0:02:51]} h6 {[%clk 0:02:43]} 9. Be3
{[%clk 0:02:49]} Nbd7 {[%clk 0:02:40]} 10. Be2 {[%clk 0:02:48]} e5
{[%clk 0:02:26]} 11. d5 {[%clk 0:02:44]} h5 {[%clk 0:02:05]} 12. b4
{[%clk 0:02:33]} Bh6 {[%clk 0:02:02]} 13. Bxh6 {[%clk 0:02:31]} Rxh6
{[%clk 0:02:02]} 14. O-O {[%clk 0:02:31]} h4 {[%clk 0:01:59]} 15. Ne1
{[%clk 0:02:29]} Kf8 {[%clk 0:01:41]} 16. Nd3 {[%clk 0:02:29]} c6
{[%clk 0:01:34]} 17. f4 {[%clk 0:01:56]} Qe7 {[%clk 0:01:32]} 18. Qd2
{[%clk 0:01:51]} Kg7 {[%clk 0:01:26]} 19. Rf2 {[%clk 0:01:47]} cxd5
{[%clk 0:01:24]} 20. cxd5 {[%clk 0:01:43]} Rc8 {[%clk 0:01:23]} 21. Bf3
{[%clk 0:01:07]} Ba6 {[%clk 0:01:17]} 22. b5 {[%clk 0:01:05]} Bb7
{[%clk 0:01:17]} 23. Raf1 {[%clk 0:01:05]} exf4 {[%clk 0:01:09]} 24. Nxf4
{[%clk 0:01:05]} Ne5 {[%clk 0:01:06]} 25. Nce2 {[%clk 0:00:46]} Nc4
{[%clk 0:00:43]} 26. Qd3 {[%clk 0:00:35]} Ne5 {[%clk 0:00:44]} 27. Qb3
{[%clk 0:00:28]} Rc4 {[%clk 0:00:25]} 28. h3 {[%clk 0:00:19]} Nfd7
{[%clk 0:00:20]} 29. Qe3 {[%clk 0:00:17]} Rc2 {[%clk 0:00:08]} 30. Nd4
{[%clk 0:00:16]} Nc4 {[%clk 0:00:05]} 31. Qd3 {[%clk 0:00:14]} Rxf2
{[%clk 0:00:06]} 32. Rxf2 {[%clk 0:00:15]} Nde5 {[%clk 0:00:07]} 33. Qc3
{[%clk 0:00:15]} Kg8 {[%clk 0:00:05]} 34. Nc6 {[%clk 0:00:15]} Qg5
{[%clk 0:00:06]} 35. Be2 {[%clk 0:00:14]} Qg3 {[%clk 0:00:05]} 36. Qd4
{[%clk 0:00:07]} Bc8 {[%clk 0:00:03]} 37. Bxc4 {[%clk 0:00:07]} g5
{[%clk 0:00:04]} 38. Ne2 {[%clk 0:00:08]} Qxa3 {[%clk 0:00:04]} 39. Nxe5
{[%clk 0:00:07]} dxe5 {[%clk 0:00:05]} 40. Qxe5 {[%clk 0:00:05]} f6
{[%clk 0:00:03]} 41. Qe8+ {[%clk 0:00:06]} 1-0

[Event "Blitz 2018"]
[Site "Saint-Petersburg"]
[Date "2018.12.29"]
[Round "9"]
[Board "64"]
[White "Bocharov Dmitry (RUS)"]
[Black "Tomashevsky Evgeny (RUS)"]
[Result "1/2-1/2"]
[LiveChessVersion "1.4.8"]
[BlackElo "2602"]
[WhiteElo "2517"]

1. c4 {[%clk 0:03:02]} Nf6 {[%clk 0:03:02]} 2. Nc3 {[%clk 0:03:00]} e5
{[%clk 0:03:03]} 3. Nf3 {[%clk 0:02:51]} Nc6 {[%clk 0:03:03]} 4. d3
{[%clk 0:02:40]} d5 {[%clk 0:02:55]} 5. cxd5 {[%clk 0:02:40]} Nxd5
{[%clk 0:02:56]} 6. e3 {[%clk 0:02:41]} Be7 {[%clk 0:02:56]} 7. Be2
{[%clk 0:02:41]} O-O {[%clk 0:02:56]} 8. O-O {[%clk 0:02:42]} Be6
{[%clk 0:02:55]} 9. Qc2 {[%clk 0:02:42]} f5 {[%clk 0:02:45]} 10. a3
{[%clk 0:02:40]} a5 {[%clk 0:02:40]} 11. Bd2 {[%clk 0:02:24]} Kh8
{[%clk 0:02:30]} 12. Rab1 {[%clk 0:02:10]} Qd7 {[%clk 0:01:58]} 13. Na4
{[%clk 0:01:50]} e4 {[%clk 0:01:53]} 14. Ne1 {[%clk 0:01:51]} Ne5
{[%clk 0:01:41]} 15. dxe4 {[%clk 0:01:38]} fxe4 {[%clk 0:01:41]} 16. Nc5
{[%clk 0:01:39]} Bxc5 {[%clk 0:01:31]} 17. Qxc5 {[%clk 0:01:40]} Bg4
{[%clk 0:01:10]} 18. Bxg4 {[%clk 0:01:31]} Nxg4 {[%clk 0:01:11]} 19. h3
{[%clk 0:01:26]} Ne5 {[%clk 0:01:03]} 20. Qd4 {[%clk 0:01:17]} Qf5
{[%clk 0:01:03]} 21. Bc3 {[%clk 0:01:10]} Nxc3 {[%clk 0:01:00]} 22. Qxc3
{[%clk 0:01:11]} Ra6 {[%clk 0:00:49]} 23. Rd1 {[%clk 0:00:59]} Nf3+
{[%clk 0:00:36]} 24. Nxf3 {[%clk 0:00:50]} exf3 {[%clk 0:00:37]} 25. g4
{[%clk 0:00:34]} Rg6 {[%clk 0:00:35]} 26. Kh2 {[%clk 0:00:32]} Rxg4
{[%clk 0:00:19]} 27. Rg1 {[%clk 0:00:20]} Rg2+ {[%clk 0:00:15]} 28. Rxg2
{[%clk 0:00:17]} fxg2 {[%clk 0:00:16]} 29. f4 {[%clk 0:00:15]} c6
{[%clk 0:00:14]} 30. Rg1 {[%clk 0:00:11]} h6 {[%clk 0:00:09]} 31. Rxg2
{[%clk 0:00:12]} Rf6 {[%clk 0:00:10]} 32. Qd4 {[%clk 0:00:11]} Kh7
{[%clk 0:00:09]} 33. Rd2 {[%clk 0:00:11]} Rg6 {[%clk 0:00:08]} 34. Qd3
{[%clk 0:00:08]} Qxd3 {[%clk 0:00:07]} 35. Rxd3 {[%clk 0:00:09]} Re6
{[%clk 0:00:05]} 36. Kg3 {[%clk 0:00:10]} Kg6 {[%clk 0:00:04]} 37. Kf3
{[%clk 0:00:11]} Kf6 {[%clk 0:00:05]} 38. e4 {[%clk 0:00:07]} Ke7
{[%clk 0:00:05]} 39. h4 {[%clk 0:00:07]} g6 {[%clk 0:00:05]} 40. e5
{[%clk 0:00:07]} h5 {[%clk 0:00:04]} 41. Ke4 {[%clk 0:00:07]} a4 {[%clk 0:00:05]}
42. f5 {[%clk 0:00:06]} gxf5+ {[%clk 0:00:07]} 43. Kxf5 {[%clk 0:00:08]} Rh6
{[%clk 0:00:08]} 44. Rg3 {[%clk 0:00:06]} Kf7 {[%clk 0:00:09]} 45. Rg5
{[%clk 0:00:05]} b5 {[%clk 0:00:08]} 46. Rg3 {[%clk 0:00:05]} Rh7
{[%clk 0:00:03]} 47. Rd3 {[%clk 0:00:06]} Ke7 {[%clk 0:00:04]} 48. Rd6
{[%clk 0:00:07]} Rf7+ {[%clk 0:00:05]} 49. Kg5 {[%clk 0:00:05]} Rf2
{[%clk 0:00:06]} 50. Rxc6 {[%clk 0:00:06]} Rxb2 {[%clk 0:00:07]} 51. Kxh5
{[%clk 0:00:06]} b4 {[%clk 0:00:06]} 52. axb4 {[%clk 0:00:07]} Rxb4
{[%clk 0:00:06]} 53. Kg5 {[%clk 0:00:06]} Re4 {[%clk 0:00:08]} 54. Kf5
{[%clk 0:00:05]} Rxh4 {[%clk 0:00:08]} 55. Rc7+ {[%clk 0:00:06]} Kd8
{[%clk 0:00:09]} 56. Ra7 {[%clk 0:00:07]} Rh6 {[%clk 0:00:05]} 57. Ke4 1/2-1/2

[Event "Blitz 2018"]
[Site "Saint-Petersburg"]
[Date "2018.12.29"]
[Round "9"]
[Board "65"]
[White "Lintchevski Daniil (RUS)"]
[Black "Usmanov Vasily (RUS)"]
[Result "0-1"]
[LiveChessVersion "1.4.8"]
[BlackElo "2459"]
[WhiteElo "2594"]

1. e4 e6 2. d4 {[%clk 0:03:04]} d5 {[%clk 0:03:05]} 3. exd5 {[%clk 0:03:05]} exd5
{[%clk 0:03:06]} 4. Nf3 {[%clk 0:03:06]} Nf6 {[%clk 0:03:08]} 5. Bd3
{[%clk 0:03:08]} c5 {[%clk 0:03:09]} 6. dxc5 {[%clk 0:03:08]} Bxc5
{[%clk 0:03:09]} 7. O-O {[%clk 0:03:09]} O-O {[%clk 0:03:10]} 8. Nc3
{[%clk 0:03:10]} Nc6 {[%clk 0:03:11]} 9. Bg5 {[%clk 0:03:10]} h6 {[%clk 0:03:12]}
10. Bh4 {[%clk 0:03:12]} Be6 {[%clk 0:03:11]} 11. a3 {[%clk 0:02:40]} a6
{[%clk 0:03:12]} 12. Qd2 {[%clk 0:02:35]} Re8 {[%clk 0:03:12]} 13. Rae1
{[%clk 0:02:35]} Be7 {[%clk 0:03:10]} 14. Bg3 {[%clk 0:02:22]} d4
{[%clk 0:02:50]} 15. Ne2 {[%clk 0:02:14]} Qb6 {[%clk 0:02:47]} 16. Nexd4
{[%clk 0:02:13]} Bd5 {[%clk 0:02:37]} 17. Nf5 {[%clk 0:02:03]} Bxf3
{[%clk 0:02:34]} 18. gxf3 {[%clk 0:01:59]} Qxb2 {[%clk 0:02:30]} 19. Rb1
{[%clk 0:01:43]} Qxa3 {[%clk 0:02:26]} 20. Rxb7 {[%clk 0:01:44]} Bf8
{[%clk 0:02:02]} 21. Bc4 {[%clk 0:01:40]} Nd8 {[%clk 0:01:56]} 22. Rb3
{[%clk 0:01:41]} Qc5 {[%clk 0:01:53]} 23. Bd3 {[%clk 0:01:38]} Ne6
{[%clk 0:01:50]} 24. h4 {[%clk 0:01:23]} a5 {[%clk 0:01:51]} 25. Rb5
{[%clk 0:01:24]} Qc6 {[%clk 0:01:39]} 26. Rxa5 {[%clk 0:01:23]} Rxa5
{[%clk 0:01:37]} 27. Qxa5 {[%clk 0:01:24]} Qxf3 {[%clk 0:01:37]} 28. Qd2
{[%clk 0:01:08]} Ne4 {[%clk 0:01:31]} 29. Bxe4 {[%clk 0:01:05]} Qxe4
{[%clk 0:01:32]} 30. Qd3 {[%clk 0:01:06]} Qg4 {[%clk 0:01:25]} 31. Ne3
{[%clk 0:01:04]} Qf3 {[%clk 0:01:20]} 32. Nf5 {[%clk 0:01:00]} Qg4
{[%clk 0:01:12]} 33. Ne3 {[%clk 0:01:01]} Qh3 {[%clk 0:01:08]} 34. Qf5
{[%clk 0:00:59]} Qxf5 {[%clk 0:01:08]} 35. Nxf5 {[%clk 0:01:01]} Rc8
{[%clk 0:01:10]} 36. Rc1 {[%clk 0:00:52]} g6 {[%clk 0:00:59]} 37. Ne3
{[%clk 0:00:49]} f5 {[%clk 0:00:44]} 38. Nd5 {[%clk 0:00:48]} Nd4
{[%clk 0:00:43]} 39. Rd1 {[%clk 0:00:34]} Ne2+ {[%clk 0:00:38]} 40. Kg2
{[%clk 0:00:34]} Rxc2 {[%clk 0:00:37]} 41. Be5 {[%clk 0:00:35]} Bc5
{[%clk 0:00:30]} 42. Kf3 {[%clk 0:00:31]} g5 {[%clk 0:00:28]} 43. hxg5
{[%clk 0:00:32]} hxg5 {[%clk 0:00:29]} 44. Ne3 {[%clk 0:00:28]} g4+
{[%clk 0:00:28]} 45. Kg2 {[%clk 0:00:24]} Bxe3 46. Rd8+ Kf7 {[%clk 0:00:29]} 47.
fxe3 {[%clk 0:00:27]} Ke6 {[%clk 0:00:24]} 48. Bb8 {[%clk 0:00:28]} Nc3+
{[%clk 0:00:17]} 49. Kg3 {[%clk 0:00:25]} Ne4+ {[%clk 0:00:18]} 50. Kh4
{[%clk 0:00:25]} Rc1 {[%clk 0:00:11]} 51. Kh5 {[%clk 0:00:26]} Kf6
{[%clk 0:00:10]} 52. Rf8+ {[%clk 0:00:24]} Ke6 {[%clk 0:00:04]} 53. Kg6
{[%clk 0:00:16]} Rf1 {[%clk 0:00:05]} 54. Re8+ {[%clk 0:00:14]} Kd7
{[%clk 0:00:06]} 55. Rf8 {[%clk 0:00:11]} Ke6 {[%clk 0:00:07]} 56. Re8+
{[%clk 0:00:12]} Kd7 {[%clk 0:00:08]} 57. Rf8 {[%clk 0:00:14]} g3
{[%clk 0:00:06]} 58. Rxf5 {[%clk 0:00:15]} g2 {[%clk 0:00:08]} 59. Bh2
{[%clk 0:00:15]} Rh1 {[%clk 0:00:06]} 60. Rd5+ {[%clk 0:00:15]} Kc6
{[%clk 0:00:07]} 0-1

[Event "Blitz 2018"]
[Site "Saint-Petersburg"]
[Date "2018.12.29"]
[Round "9"]
[Board "66"]
[White "Tregubov Pavel V. (RUS)"]
[Black "Sychev Klementy (RUS)"]
[Result "0-1"]
[LiveChessVersion "1.4.8"]
[BlackElo "2594"]
[WhiteElo "2516"]

1. d4 {[%clk 0:03:03]} e6 {[%clk 0:03:04]} 2. e4 {[%clk 0:03:03]} d5
{[%clk 0:03:05]} 3. exd5 {[%clk 0:03:04]} exd5 {[%clk 0:03:06]} 4. Nf3
{[%clk 0:03:05]} Nf6 {[%clk 0:03:06]} 5. Bd3 {[%clk 0:03:05]} c5 {[%clk 0:03:04]}
6. O-O {[%clk 0:02:51]} c4 {[%clk 0:03:05]} 7. Re1+ {[%clk 0:02:50]} Be7
{[%clk 0:03:06]} 8. Bf1 {[%clk 0:02:50]} O-O {[%clk 0:03:06]} 9. b3
{[%clk 0:02:48]} cxb3 {[%clk 0:03:05]} 10. axb3 {[%clk 0:02:49]} Nc6
{[%clk 0:03:05]} 11. Bf4 {[%clk 0:02:40]} Bf5 {[%clk 0:03:04]} 12. c3
{[%clk 0:02:38]} Rc8 {[%clk 0:02:42]} 13. Nbd2 {[%clk 0:02:33]} a6
{[%clk 0:02:39]} 14. b4 {[%clk 0:02:31]} h6 {[%clk 0:02:37]} 15. Nb3
{[%clk 0:02:16]} Ne4 {[%clk 0:02:36]} 16. Rc1 {[%clk 0:02:17]} a5
{[%clk 0:02:19]} 17. bxa5 {[%clk 0:01:49]} Nxa5 {[%clk 0:02:20]} 18. Nxa5
{[%clk 0:01:45]} Qxa5 {[%clk 0:02:21]} 19. c4 {[%clk 0:01:38]} Bb4
{[%clk 0:02:16]} 20. Re3 {[%clk 0:01:39]} dxc4 {[%clk 0:02:14]} 21. Rxc4
{[%clk 0:01:18]} Nf6 {[%clk 0:02:10]} 22. Re5 {[%clk 0:01:01]} Qa3
{[%clk 0:01:38]} 23. Rxf5 {[%clk 0:01:01]} Ne4 {[%clk 0:01:40]} 24. Be3
{[%clk 0:00:55]} b5 {[%clk 0:01:34]} 25. Rxc8 {[%clk 0:00:55]} Rxc8
{[%clk 0:01:35]} 26. h3 {[%clk 0:00:54]} Qa2 {[%clk 0:01:30]} 27. Qd3
{[%clk 0:00:51]} Nd6 {[%clk 0:01:24]} 28. Re5 {[%clk 0:00:49]} Ba3
{[%clk 0:01:14]} 29. Bf4 {[%clk 0:00:45]} b4 {[%clk 0:01:14]} 30. Rc5
{[%clk 0:00:41]} b3 {[%clk 0:01:04]} 31. Rxc8+ {[%clk 0:00:37]} Nxc8
{[%clk 0:01:06]} 32. Qc4 {[%clk 0:00:31]} Nb6 {[%clk 0:01:07]} 33. Qc6
{[%clk 0:00:27]} b2 {[%clk 0:01:04]} 34. Bd3 {[%clk 0:00:25]} b1=Q+
{[%clk 0:00:57]} 35. Bxb1 {[%clk 0:00:26]} Qxb1+ {[%clk 0:00:58]} 36. Kh2
{[%clk 0:00:28]} Qf5 {[%clk 0:00:58]} 37. Bg3 {[%clk 0:00:18]} Nd7
{[%clk 0:00:52]} 38. Qa8+ {[%clk 0:00:18]} Bf8 {[%clk 0:00:53]} 39. Ne5
{[%clk 0:00:19]} Nf6 {[%clk 0:00:41]} 40. Qe8 {[%clk 0:00:13]} Nxe8
{[%clk 0:00:41]} 0-1